00472nam a2200157Ia 4500008004100000020001400041040001800055041001200073082002100085100001900106245005100125250001200176260004400188300001400232500006800246230917s9999||||xx |||||||||||||| ||und|| cRS 150.00 e5011712aMAIN aEnglish a615.535 K124P(2) aKala, Sarsvati 0aPrakritik chikitsa: Ek samagr upachar paddhati a2nd ed. aNew DelhibKitab Mahal Publishersc2020 ax, 126 p. a4561 12/03/2022 IBS22/00169 13/11/2021 Centre for Yogic Studies